Evolution after darwin / (Record no. 136519)

MARC details
000 -LEADER
fixed length control field 00764nam a22001937a 4500
010 ## - LIBRARY OF CONGRESS CONTROL NUMBER
LC control number 177669
035 ## - SYSTEM CONTROL NUMBER
System control number 177669
037 ## - SOURCE OF ACQUISITION
Source of stock number/acquisition Cen Lib / Ret
040 ## - CATALOGING SOURCE
Original cataloging agency DPL
Language of cataloging EN
082 ## - DEWEY DECIMAL CLASSIFICATION NUMBER
Classification number 575
Item number TAX
245 ## - TITLE STATEMENT
Title Evolution after darwin /
260 ## - PUBLICATION, DISTRIBUTION, ETC. (IMPRINT)
Place of publication, distribution, etc Chicago
Name of publisher, distributor, etc The University of Chicago Press
Date of publication, distribution, etc 1960
270 ## - ADDRESS
Address The University of Chicago Press
City Chicago
300 ## - PHYSICAL DESCRIPTION
Extent 3 v. ; v 2. ; 473
Other physical details 24cm(Hb)
505 ## - FORMATTED CONTENTS NOTE
Formatted contents note 3 v ; v. 1. The evolution of life: its origin, history and future (not available) ; v. 2. The evolution of man: man, culture and society ;<br/>v. 3. Issues in evolution, edited by Sol Tax and Charles Callender (not available)
650 ## - SUBJECT ADDED ENTRY--TOPICAL TERM
Topical term or geographic name as entry element Evolution (Biology)
650 ## - SUBJECT ADDED ENTRY--TOPICAL TERM
Topical term or geographic name as entry element Darwin, Charles, -- 1809-1882 -- Origin of species.
942 ## - ADDED ENTRY ELEMENTS (KOHA)
Source of classification or shelving scheme Dewey Decimal Classification
Koha item type English Books
Call number prefix 575
Call number suffix TAX
Holdings
Withdrawn status Lost status Materials specified (bound volume or other part) Damaged status Not for loan Home library Current library Date acquired Source of acquisition Total Checkouts Full call number Barcode Date last seen Price effective from Koha item type Public note
Written off   v 2     Central Library Central Library 04/03/2016 Cen Lib/Ret   575 TAX 177669 04/03/2016 04/03/2016 English Books Written off on approval by DLB (By Circulation); dtd 15-06-2023

© Delhi Public Library
Hit Counter
free hit counter